[Event "GER-chT North U16"]
[Site "Greifswald"]
[Date "2013.09.13"]
[Round "4.1"]
[White "Sbach, Lennart"]
[Black "Worpenberg, Lukas"]
[Result "0-1"]
[WhiteElo "1282"]
[BlackElo "1802"]
[PlyCount "66"]
[EventDate "2013.09.12"]
[EventType "team-swiss"]
[EventRounds "7"]
[EventCountry "GER"]
[SourceTitle "EXT 2014"]
[Source "ChessBase"]
[SourceDate "2013.11.20"]
[SourceVersion "1"]
[SourceVersionDate "2013.11.20"]
[SourceQuality "1"]
[WhiteTeam "Greifswald"]
[BlackTeam "Hagen"]
[WhiteTeamCountry "GER"]
[BlackTeamCountry "GER"]

1. e4 d5 2. Nc3 d4 3. Nce2 c5 4. d3 Nc6 5. Bd2 Nf6 6. f4 e6 7. Nf3 Be7 8. h3 Nh5 9. g3 b5 10. c3 dxc3 11. Bxc3 b4 12. Bd2 Qxd3 13. Bg2 Ba6 14. g4 Qxe2+ 15. Qxe2 Bxe2 16. gxh5 Bxf3 17. Bxf3 Nd4 18. Bd1 0-0 19. Be3 Rfd8 20. 0-0 c4 21. Rc1 Rac8 22. Bd2 Nf3+ 23. Bxf3 Rxd2 24. b3 c3 25. Ra1 Bc5+ 26. Kh1 Bd4 27. Rfd1 c2 28. Rxd2 Bxa1 29. Kh2 c1Q 30. Rd7 Qxf4+ 31. Kg2 Rc2+ 32. Kf1 Qxf3+ 33. Ke1 Qe2# 0-1

[Event "GER-chT North U16"]
[Site "Greifswald"]
[Date "2013.09.13"]
[Round "3.1"]
[White "Worpenberg, Lukas"]
[Black "Reinhardt, Johannes"]
[Result "0-1"]
[WhiteElo "1802"]
[BlackElo "1792"]
[PlyCount "66"]
[EventDate "2013.09.12"]
[EventType "team-swiss"]
[EventRounds "7"]
[EventCountry "GER"]
[SourceTitle "EXT 2014"]
[Source "ChessBase"]
[SourceDate "2013.11.20"]
[SourceVersion "1"]
[SourceVersionDate "2013.11.20"]
[SourceQuality "1"]
[WhiteTeam "Hagen"]
[BlackTeam "Bad Schwartau"]
[WhiteTeamCountry "GER"]
[BlackTeamCountry "GER"]

1. e4 d5 2. exd5 Qxd5 3. Nc3 Qd6 4. Nf3 Nf6 5. d4 c6 6. Be2 Bf5 7. Ne5 Nbd7 8. Bf4 Nd5 9. Nxd5 Qxd5 10. 0-0 Nxe5 11. Bxe5 f6 12. Bg3 0-0-0 13. c3 Qa5 14. a4 e5 15. b4 Qc7 16. b5 c5 17. d5 g5 18. a5 Qd7 19. b6 a6 20. Bc4 h5 21. h4 Bd6 22. Qe2 Rdg8 23. Rfb1 Bxb1 24. Rxb1 gxh4 25. Bxh4 Qg4 26. f3 Qxh4 27. Bxa6 e4 28. Bxb7+ Kb8 29. Qa6 Rxg2+ 30. Kxg2 Rg8+ 31. Kf1 Qh3+ 32. Ke2 Rg2+ 33. Ke1 Qh1+ 0-1

[Event "Bad Harzburg op 13th"]
[Site "Bad Harzburg"]
[Date "2012.11.03"]
[Round "8"]
[White "Worpenberg, Lukas"]
[Black "Schmitt, Carsten1111"]
[Result "1-0"]
[WhiteElo "1626"]
[BlackElo "2001"]
[PlyCount "80"]
[EventDate "2012.10.30"]
[EventType "swiss"]
[EventRounds "8"]
[EventCountry "GER"]
[SourceTitle "EXT 2014"]
[Source "ChessBase"]
[SourceDate "2013.11.20"]
[SourceVersion "1"]
[SourceVersionDate "2013.11.20"]
[SourceQuality "1"]

1. e4 c5 2. Nf3 Nf6 3. e5 Nd5 4. Nc3 e6 5. Nxd5 exd5 6. d4 Nc6 7. dxc5 Bxc5 8. Qxd5 Qb6 9. Bc4 Bxf2+ 10. Ke2 0-0 11. Rf1 Bc5 12. c3 a5 13. Ng5 Nxe5 14. Qxe5 d5 15. Bxd5 Bg4+ 16. Kd2 Rae8 17. Bxf7+ Kh8 18. Bxe8 Rxf1 19. Nf7+ Kg8 20. Qg3 Rd1+ 21. Kc2 Qg6+ 22. Kb3 Qe6+ 23. c4 Qxe8 24. Nh6+ Kh8 25. Nxg4 a4+ 26. Kc2 Qe2+ 27. Kc3 Bd4+ 28. Kb4 Qe7+ 29. Kxa4 b5+ 30. cxb5 Qa7+ 31. Kb3 Qf7+ 32. Kc2 Qc4+ 33. Kxd1 Qf1+ 34. Qe1 Qd3+ 35. Bd2 h5 36. Nf2 Qxb5 37. Bc3 Bc5 38. Qe2 Qa4+ 39. Qc2 Qd7+ 40. Bd2 Qd4 1-0

[Event "GER-chT North U16"]
[Site "Berlin"]
[Date "2012.09.08"]
[Round "6.2"]
[White "Siegemund, Georg"]
[Black "Worpenberg, Lukas"]
[Result "1/2-1/2"]
[WhiteElo "1861"]
[BlackElo "1676"]
[PlyCount "81"]
[EventDate "2012.09.06"]
[EventType "team-swiss"]
[EventRounds "7"]
[EventCountry "GER"]
[SourceTitle "EXT 2015"]
[Source "ChessBase"]
[SourceDate "2014.11.20"]
[SourceVersion "1"]
[SourceVersionDate "2014.11.20"]
[SourceQuality "1"]
[WhiteTeam "Baumschulenweg"]
[BlackTeam "Hagen"]
[WhiteTeamCountry "GER"]
[BlackTeamCountry "GER"]

1. d4 Nf6 2. c4 c5 3. d5 e6 4. Nc3 exd5 5. cxd5 d6 6. Bg5 Nbd7 7. Nf3 g6 8. e4 Bg7 9. Bd3 0-0 10. 0-0 a6 11. a4 b6 12. Qd2 Qc7 13. b3 Re8 14. Rac1 Ng4 15. Rfe1 Nge5 16. Nxe5 Nxe5 17. Be2 Bd7 18. h3 f6 19. Be3 Qb7 20. f4 Nf7 21. Ra1 Rab8 22. Reb1 b5 23. axb5 axb5 24. b4 c4 25. Ra7 Qc8 26. Bd4 Kf8 27. Bf3 Re7 28. Qf2 Be8 29. Rxe7 Kxe7 30. Qh4 h6 31. Re1 g5 32. Qg3 Kf8 33. fxg5 hxg5 34. Bg4 Bd7 35. Bxd7 Qxd7 36. Rf1 Qe7 37. Rf5 Ne5 38. Qf2 Kg8 39. Qf1 Qe8 40. Qd1 Ra8 41. Bxe5 1/2-1/2

[Event "Niedersachsen-ch op"]
[Site "Verden"]
[Date "2011.01.05"]
[Round "7"]
[White "Worpenberg, Lukas"]
[Black "Jacobi, Felix Hagen"]
[Result "0-1"]
[WhiteElo "1567"]
[BlackElo "1837"]
[PlyCount "60"]
[EventDate "2011.01.02"]
[EventType "swiss"]
[EventRounds "7"]
[EventCountry "GER"]
[SourceTitle "EXT 2018"]
[Source "ChessBase"]
[SourceDate "2017.10.13"]
[SourceVersion "1"]
[SourceVersionDate "2017.10.13"]
[SourceQuality "1"]

1. d4 f5 2. c4 g6 3. Nc3 Bg7 4. Nf3 Nf6 5. Bg5 0-0 6. e3 c6 7. Bd3 d6 8. 0-0 Qc7 9. e4 fxe4 10. Nxe4 Nxe4 11. Bxe4 Bf5 12. Re1 e5 13. dxe5 dxe5 14. Qc2 Na6 15. Nh4 Be6 16. Rad1 Rae8 17. b3 Nc5 18. Nf3 a6 19. Re2 Bc8 20. Rde1 Ne6 21. Qb2 Rxf3 22. Bxf3 Nxg5 23. Be4 Nxe4 24. Rxe4 Bf5 25. R4e2 Rd8 26. Rd2 e4 27. Rxd8+ Qxd8 28. Qc1 Bd4 29. Rd1 c5 30. Qd2 Qe7 0-1

[Event "Niedersachsen-ch op"]
[Site "Verden"]
[Date "2011.01.04"]
[Round "5"]
[White "Worpenberg, Lukas"]
[Black "Brehm, Stefan"]
[Result "1/2-1/2"]
[WhiteElo "1567"]
[BlackElo "1749"]
[PlyCount "109"]
[EventDate "2011.01.02"]
[EventType "swiss"]
[EventRounds "7"]
[EventCountry "GER"]
[SourceTitle "EXT 2018"]
[Source "ChessBase"]
[SourceDate "2017.10.13"]
[SourceVersion "1"]
[SourceVersionDate "2017.10.13"]
[SourceQuality "1"]

1. d4 Nf6 2. c4 c5 3. d5 b5 4. cxb5 a6 5. bxa6 Bxa6 6. Nc3 d6 7. Nf3 g6 8. g3 Bg7 9. Bg2 0-0 10. 0-0 Nbd7 11. Re1 Qa5 12. Bd2 Rfb8 13. Qc2 Qc7 14. e4 Ng4 15. h3 Nge5 16. Nxe5 Nxe5 17. Rec1 Bd3 18. Qd1 Rxb2 19. Be3 Ba6 20. Rc2 Rab8 21. Rxb2 Rxb2 22. Rb1 Rxb1 23. Qxb1 Bd3 24. Qb3 c4 25. Qb5 Nd7 26. Bd2 Bd4 27. Bf1 Nc5 28. Bxd3 Nxd3 29. Nd1 Qa7 30. Bh6 Qa8 31. Qxc4 Ne5 32. Qc7 Qe8 33. a4 Nd7 34. a5 Nc5 35. Ne3 Bg7 36. Bxg7 Kxg7 37. Kg2 Qa8 38. Qxe7 Qxa5 39. Qxd6 Nxe4 40. Qe5+ Nf6 41. Kh2 Qd8 42. Ng4 h5 43. Nxf6 Qxf6 44. Qxf6+ Kxf6 45. Kg2 Ke5 46. Kf3 Kxd5 47. Kf4 f6 48. f3 Ke6 49. h4 f5 50. Kg5 Kf7 51. g4 fxg4 52. fxg4 hxg4 53. Kxg4 Kf6 54. h5 gxh5+ 55. Kxh5 1/2-1/2

[Event "Niedersachsen-ch open"]
[Site "Verden"]
[Date "2010.01.05"]
[Round "5.73"]
[White "Worpenberg, Lukas"]
[Black "Genath, Maren"]
[Result "1-0"]
[WhiteElo "1306"]
[BlackElo "1084"]
[PlyCount "117"]
[EventDate "2010.01.03"]
[EventType "swiss"]
[EventRounds "7"]
[EventCountry "GER"]
[SourceTitle "EXT 2012"]
[Source "ChessBase"]
[SourceDate "2011.11.24"]
[SourceVersion "1"]
[SourceVersionDate "2011.11.24"]
[SourceQuality "1"]

1. d4 d5 2. c4 c6 3. Nc3 Nf6 4. Bg5 Bf5 5. Nf3 h6 6. Bh4 e6 7. e3 Nbd7 8. Be2 Bd6 9. 0-0 0-0 10. c5 Bc7 11. Bd3 Bxd3 12. Qxd3 Re8 13. b4 e5 14. dxe5 Bxe5 15. Nxe5 Nxe5 16. Qd2 Nc4 17. Qd4 Re6 18. e4 dxe4 19. Qxc4 Qd3 20. Qxd3 exd3 21. Bxf6 Rxf6 22. Rad1 Rd8 23. Rd2 Rf4 24. a3 Rc4 25. Na4 f5 26. Nb2 Rc3 27. a4 Rb3 28. Rfd1 Rxb4 29. Rxd3 Rxd3 30. Nxd3 Rxa4 31. Rb1 b6 32. cxb6 axb6 33. g3 b5 34. Kf1 Kf7 35. Ne5+ Ke6 36. Nxc6 Kd5 37. Ne7+ Kc4 38. Nxf5 b4 39. Ke1 Kc3 40. Kd1 b3 41. Ne3 b2 42. Nc2 Kb3 43. Kd2 Ka2 44. Re1 b1Q 45. Rxb1 Kxb1 46. Ne3 Ra2+ 47. Ke1 Kb2 48. Ke2 Kc3+ 49. Kf3 Kd4 50. Nf5+ Ke5 51. Nxg7 Kf6 52. Nh5+ Kg5 53. Nf4 Ra3+ 54. Kg2 h5 55. Kh3 Rf3 56. Kg2 Rb3 57. Ne6+ Kg4 58. h3+ Kf5 59. Nd4+ 1-0

[Event "Niedersachsen-ch open"]
[Site "Verden"]
[Date "2010.01.04"]
[Round "3.53"]
[White "Worpenberg, Lukas"]
[Black "Gruender, Michael"]
[Result "0-1"]
[WhiteElo "1306"]
[BlackElo "1980"]
[PlyCount "78"]
[EventDate "2010.01.03"]
[EventType "swiss"]
[EventRounds "7"]
[EventCountry "GER"]
[SourceTitle "EXT 2012"]
[Source "ChessBase"]
[SourceDate "2011.11.24"]
[SourceVersion "1"]
[SourceVersionDate "2011.11.24"]
[SourceQuality "1"]

1. d4 g6 2. c4 Bg7 3. Nc3 d6 4. Nf3 Bg4 5. Bg5 c6 6. e3 Nd7 7. Bd3 Qa5 8. Bh4 e5 9. Be2 Nh6 10. Bg3 Nf5 11. dxe5 dxe5 12. Qc2 0-0 13. 0-0 Rfe8 14. Rfd1 Nf8 15. Nd2 Bxe2 16. Nxe2 Ne6 17. a3 Nxg3 18. Nxg3 f5 19. b4 Qc7 20. Ra2 h5 21. a4 h4 22. Ne2 h3 23. gxh3 Qe7 24. b5 Qh4 25. Ng3 Ng5 26. Kh1 e4 27. Rg1 Rad8 28. Ra3 Kh8 29. a5 Nxh3 30. Rg2 a6 31. bxa6 bxa6 32. Rb3 Rd7 33. Ndf1 Red8 34. Rb1 Ng5 35. Qe2 Nf3 36. Rc1 Ne5 37. Rb1 Qe7 38. Kg1 Qc5 39. Qe1 Nf3+ 0-1

[Event "Niedersachsen-chT U12"]
[Site "Verden an der Aller"]
[Date "2009.05.22"]
[Round "4.4"]
[White "Worpenberg, Lukas"]
[Black "Gisy, Gemma"]
[Result "0-1"]
[WhiteElo "931"]
[BlackElo "930"]
[PlyCount "132"]
[EventDate "2009.05.21"]
[EventType "team-tourn"]
[EventRounds "7"]
[EventCountry "GER"]
[SourceTitle "EXT 2010"]
[Source "ChessBase"]
[SourceDate "2010.11.25"]
[SourceVersion "1"]
[SourceVersionDate "2010.11.25"]
[SourceQuality "1"]
[WhiteTeam "Hagen"]
[BlackTeam "Hannover Polizei"]
[WhiteTeamCountry "GER"]
[BlackTeamCountry "GER"]

1. d4 d5 2. c4 dxc4 3. Nc3 Nc6 4. Nf3 Nf6 5. Bg5 Bg4 6. e3 e6 7. Bxc4 Bb4 8. a3 Bxc3+ 9. bxc3 0-0 10. 0-0 h6 11. Bh4 g5 12. Bg3 Bh5 13. Bd3 Bg6 14. Ne5 Bxd3 15. Qxd3 Nxe5 16. Bxe5 Ng4 17. Bg3 h5 18. h3 h4 19. Bh2 Nxh2 20. Kxh2 f5 21. e4 g4 22. f3 gxh3 23. gxh3 Kf7 24. exf5 exf5 25. Qxf5+ Qf6 26. Qd5+ Kg7 27. Rg1+ Kh6 28. Qxb7 Qf4+ 29. Kh1 Qf5 30. Qc6+ Rf6 31. Qxc7 Qxf3+ 32. Rg2 Rg6 33. Qh2 Rg3 34. a4 Rxh3 35. Qxh3 Qxh3+ 36. Rh2 Rg8 37. Rg1 Rxg1+ 38. Kxg1 Qxc3 39. Rxh4+ Kg5 40. Rh1 Qxd4+ 41. Kg2 Qxa4 42. Rf1 a5 43. Kf2 Qd4+ 44. Ke2 a4 45. Rd1 Qb2+ 46. Rd2 Qe5+ 47. Kd1 a3 48. Kc1 Qa1+ 49. Kc2 a2 50. Rd1 Qxd1+ 51. Kxd1 a1Q+ 52. Kd2 Qb2+ 53. Kd3 Kf4 54. Kc4 Qd2 55. Kc5 Qd3 56. Kc6 Qd4 57. Kc7 Qd5 58. Kb6 Qc4 59. Kb7 Qc5 60. Kb8 Qc6 61. Ka7 Ke5 62. Kb8 Kd6 63. Ka7 Qc7+ 64. Ka8 Qa5+ 65. Kb8 Kc6 66. Kc8 Qc7# 0-1